| 000 | 00829nam a2200229Ia 4500 | ||
|---|---|---|---|
| 001 | 9686 | ||
| 003 | GE_BSU | ||
| 008 | 181216s||||||||xx |||||||||||||| ||und|| | ||
| 040 | _cGE_BSU | ||
| 080 | _a821.353.1–32 | ||
| 100 | _aნახუცრიშვილი,გ. | ||
| 245 | _aსილვა "ვასილევა | ||
| 245 | _bმოთხრობა მოზრდილთათვის | ||
| 245 | _cრედ.ან.ღვინიაშვილი.მხატვ.ელენე ახვლედიანი | ||
| 260 | _aტბილისი | ||
| 260 | _bსახელგამი | ||
| 260 | _c1934 | ||
| 300 | _a154გვ.ილ.23სმ. | ||
| 653 | _aმოთხრობა მოზრდილთათვის | ||
| 653 | _aსილვა "ვასილევა | ||
| 942 | _cBK | ||
| 999 |
_c42969 _d42969 |
||